[Event "Open B Befana"]
[Site "Milano ITA"]
[Date "2011.01.02"]
[Round "1"]
[White "Attuati, Luca"]
[Black "Dei Giudici, Paolo"]
[Result "0-1"]
[WhiteElo "1442"]
[BlackElo "1712"]
[PlyCount "96"]
[EventDate "2011.01.02"]

1. e4 e5 2. Nf3 Nc6 3. Bb5 a6 4. Ba4 b5 5. Bb3 Be7 6. a3 Nf6 7. Nc3 O-O 8. d3
d6 9. O-O Bg4 10. Be3 Na5 11. Ba2 c5 12. Nd5 Nc6 13. Nxe7+ Qxe7 14. c3 Rfd8 15.
Qe2 d5 16. h3 d4 17. hxg4 dxe3 18. Ng5 Rf8 19. fxe3 h6 20. Nh3 Nh7 21. Bd5 Rac8
22. Rf3 Nd8 23. Raf1 Ne6 24. Qe1 Rcd8 25. Qe2 Nf6 26. Bb3 Nxg4 27. Rf5 Qh4 28.
Qf3 Ng5 29. Rxg5 hxg5 30. Bd5 Kh8 31. Qd1 Qg3 32. Rf3 Qh2+ 33. Kf1 Qh1+ 34. Ke2
Qxg2+ 35. Nf2 Rd6 36. Qh1+ Qxh1 37. Nxh1 f5 38. Rh3+ Nh6 39. Nf2 Kh7 40. Rh1 g4
41. Bb7 g3 42. Nh3 f4 43. Ng5+ Kg6 44. Nf3 Ng4 45. Nxe5+ Nxe5 46. exf4 Rxf4 47.
Bc8 Rf2+ 48. Ke3 Rxd3# 0-1

[Event "Open B Befana"]
[Site "Milano ITA"]
[Date "2011.01.02"]
[Round "2"]
[White "Dei Giudici, Paolo"]
[Black "Nava, Mario"]
[Result "1-0"]
[WhiteElo "1712"]
[BlackElo "1365"]
[PlyCount "91"]
[EventDate "2011.01.02"]

1. e4 c5 2. Nf3 e6 3. d4 cxd4 4. Nxd4 Nf6 5. Nc3 d6 6. Be2 Be7 7. Be3 a6 8. a4
Nc6 9. Qd2 Bd7 10. f4 Nxd4 11. Bxd4 Bc6 12. Bf3 e5 13. fxe5 dxe5 14. Bxe5 Qxd2+
15. Kxd2 O-O-O+ 16. Ke2 Bd6 17. Bxd6 Rxd6 18. Rad1 Re6 19. Rd4 Rd8 20. Rhd1 Rd7
21. Kf1 Kb8 22. Nd5 Re5 23. Nxf6 Rxd4 24. Rxd4 gxf6 25. g4 Rc5 26. c3 h6 27.
Rd8+ Ka7 28. Rh8 Bxa4 29. Rxh6 Rc6 30. e5 Bb5+ 31. Kf2 Rb6 32. Rxf6 Rxf6 33.
exf6 Bc4 34. Be4 Kb6 35. h4 Kc7 36. h5 b6 37. h6 Kd6 38. h7 Ke5 39. Bc2 Kxf6
40. h8=Q+ Ke7 41. Qe5+ Kf8 42. g5 Kg8 43. g6 Kf8 44. Qh8+ Ke7 45. g7 f6 46.
Qf8+ 1-0

[Event "Open B Befana"]
[Site "Milano ITA"]
[Date "2011.01.03"]
[Round "3"]
[White "Primerano, Carlo"]
[Black "Dei Giudici, Paolo"]
[Result "0-1"]
[WhiteElo "1733"]
[BlackElo "1712"]
[PlyCount "38"]
[EventDate "2011.01.02"]

1. d4 d5 2. c4 e6 3. Nc3 Nf6 4. cxd5 exd5 5. Bg5 Be7 6. e3 c6 7. Qc2 h6 8. Bh4
Nbd7 9. Bd3 Nh5 10. Bxe7 Qxe7 11. Nf3 Nf4 12. Bf1 Ne6 13. O-O-O O-O 14. g4 Ng5
15. Nxg5 Qxg5 16. h4 Qxg4 17. Bh3 Qf3 18. Rdg1 Nf6 19. Rg4 Qxh1+ 0-1

[Event "Open B Befana"]
[Site "Milano ITA"]
[Date "2011.01.05"]
[Round "4"]
[White "Dei Giudici, Paolo"]
[Black "Beltrami, Francesco"]
[Result "0-1"]
[WhiteElo "1712"]
[BlackElo "1746"]
[PlyCount "91"]
[EventDate "2011.01.02"]

1. e4 c5 2. Nf3 Nc6 3. d4 cxd4 4. Nxd4 Nf6 5. Nc3 e5 6. Ndb5 d6 7. Be3 a6 8.
Na3 Be6 9. Nd5 Nxd5 10. exd5 Qa5+ 11. Bd2 Qxd5 12. Nc4 Qe4+ 13. Ne3 Qg6 14. Bc3
Be7 15. Qd2 O-O 16. O-O-O Rfd8 17. Nd5 Bg5 18. f4 exf4 19. Nxf4 Qh6 20. g3 Bg4
21. Re1 Ne5 22. Bg2 Bf3 23. Reg1 Rac8 24. h4 Bf6 25. Qf2 Bxg2 26. Qxg2 Nc4 27.
Bxf6 Qxf6 28. c3 b5 29. Nd5 Qh6+ 30. Kb1 Ne3 31. Nxe3 Qxe3 32. Qd5 Qe6 33. Qd3
Qg6 34. Rd1 d5 35. Rhe1 Rd7 36. Qxg6 hxg6 37. Rd4 Kf8 38. Red1 Rcd8 39. a4 bxa4
40. c4 a3 41. b4 Rb8 42. c5 a5 43. Rxd5 Rxb4+ 44. Ka2 Rc7 45. Re1 f6 46. Kxa3
0-1

[Event "Open B Befana"]
[Site "Milano ITA"]
[Date "2011.01.06"]
[Round "5"]
[White "Popovich, Fabio"]
[Black "Dei Giudici, Paolo"]
[Result "1-0"]
[WhiteElo "1712"]
[BlackElo "1712"]
[PlyCount "111"]
[EventDate "2011.01.02"]

1. e4 e5 2. Nf3 Nc6 3. Bb5 a6 4. Ba4 b5 5. Bb3 Be7 6. O-O Nf6 7. Re1 O-O 8. d4
d6 9. c3 Bg4 10. d5 Na5 11. Qd3 Nxb3 12. axb3 Qd7 13. Na3 c6 14. c4 cxd5 15.
cxd5 Rfc8 16. Bd2 Bd8 17. Rec1 Bb6 18. Ne1 Bh5 19. Be3 Qb7 20. Nec2 Bxe3 21.
Nxe3 Bg6 22. f3 Rxc1+ 23. Rxc1 Rc8 24. Rc2 Kf8 25. Kf2 Nd7 26. b4 Nb6 27. b3 f6
28. Nb1 Qd7 29. g4 Rc7 30. Nc3 h5 31. h3 hxg4 32. hxg4 Nc8 33. Kg3 Bh7 34. Qf1
g6 35. Qh3 Qg7 36. Qh4 g5 37. Qh3 Bg6 38. Ned1 Qh7 39. Qxh7 Bxh7 40. Rh2 Kg7
41. Ra2 Ra7 42. Ne3 Bg6 43. Nf5+ Bxf5 44. gxf5 Kh6 45. Kg4 Kg7 46. Kh5 Kh7 47.
Kg4 Kg7 48. Kg3 Kh6 49. Nd1 Nb6 50. Ne3 Na8 51. Ng4+ Kg7 52. Rh2 Rf7 53. Rh6
Nb6 54. Rg6+ Kf8 55. Rxf6 Nd7 56. Rxd6 1-0

[Event "Open B Befana"]
[Site "Milano ITA"]
[Date "2011.01.06"]
[Round "6"]
[White "Dei Giudici, Paolo"]
[Black "Gianini, Gianluca"]
[Result "1-0"]
[WhiteElo "1712"]
[BlackElo "1536"]
[PlyCount "57"]
[EventDate "2011.01.02"]

1. e4 c5 2. Nf3 d6 3. d4 cxd4 4. Nxd4 Nf6 5. Nc3 Bd7 6. Be2 e5 7. Ndb5 Bc6 8.
Bg5 Bxb5 9. Nxb5 Nc6 10. O-O h6 11. Bxf6 gxf6 12. f4 a6 13. Nc3 Be7 14. Nd5 Rg8
15. Bh5 Rg7 16. c3 Qa5 17. b4 Qd8 18. Qf3 Kf8 19. Rad1 exf4 20. Qxf4 Rg5 21.
Nxf6 Bxf6 22. Rxd6 Qb6+ 23. Kh1 Qc7 24. Bxf7 Ne5 25. Rxf6 Kg7 26. Rxh6 Qe7 27.
Qh4 Nxf7 28. Rh7+ Kg6 29. Rfxf7 1-0